[Event "IBM"]
[Site "Amsterdam"]
[Date "1977.??.??"]
[Round "3"]
[White "Adorjan, Andras"]
[Black "Torre, Eugenio"]
[Result "1/2-1/2"]
[WhiteElo "2530"]
[BlackElo "2550"]
[PlyCount "29"]
[EventDate "1977.06.??"]
[EventType "tourn"]
[EventRounds "15"]
[EventCountry "NED"]
[EventCategory "11"]
[Source "ChessBase"]
[SourceDate "1999.07.01"]
[WhiteTeamCountry "CSR"]
[BlackTeamCountry "HUN"]

1. e4 c5 2. Nf3 e6 3. d4 cxd4 4. Nxd4 a6 5. Bd3 g6 6. O-O Bg7 7. c3 Nc6 8. Be3
Nf6 9. Nd2 d6 10. Nc4 Ne5 11. Nxe5 dxe5 12. Nf3 Qc7 13. a4 Ng4 14. Bc1 O-O 15.
Qe2 1/2-1/2

[Event "IBM"]
[Site "Amsterdam"]
[Date "1977.??.??"]
[Round "5"]
[White "Adorjan, Andras"]
[Black "Ree, Hans"]
[Result "1/2-1/2"]
[WhiteElo "2530"]
[BlackElo "2460"]
[PlyCount "28"]
[EventDate "1977.06.??"]
[EventType "tourn"]
[EventRounds "15"]
[EventCountry "NED"]
[EventCategory "11"]
[Source "ChessBase"]
[SourceDate "1999.07.01"]
[WhiteTeamCountry "CSR"]
[BlackTeamCountry "HUN"]

1. e4 c5 2. Nf3 e6 3. d4 cxd4 4. Nxd4 Nf6 5. Nc3 d6 6. g4 a6 7. g5 Nfd7 8. h4
b5 9. a3 Bb7 10. Rg1 Nc5 11. f3 Nc6 12. Nxc6 Bxc6 13. Qd4 e5 14. Qf2 Qb6
1/2-1/2

[Event "IBM"]
[Site "Amsterdam"]
[Date "1977.??.??"]
[Round "6"]
[White "Van Wieringen, Cornelius A"]
[Black "Adorjan, Andras"]
[Result "1-0"]
[WhiteElo "2430"]
[BlackElo "2530"]
[PlyCount "85"]
[EventDate "1977.06.??"]
[EventType "tourn"]
[EventRounds "15"]
[EventCountry "NED"]
[EventCategory "11"]
[Source "ChessBase"]
[SourceDate "1999.07.01"]
[WhiteTeamCountry "CSR"]
[BlackTeamCountry "HUN"]

1. e4 g6 2. d4 Bg7 3. Nc3 d6 4. f4 Nf6 5. Nf3 O-O 6. Bd3 Nc6 7. O-O Bg4 8. e5
Nd7 9. Be3 Nb4 10. Be4 c5 11. dxc5 Nxc5 12. Bxc5 dxc5 13. Bxb7 Rb8 14. Be4 f5
15. Bd5+ Nxd5 16. Qxd5+ Qxd5 17. Nxd5 e6 18. Nc7 Rb6 19. Ng5 Rc8 20. Ngxe6 Bh6
21. Rf2 Rc6 22. h3 Bh5 23. Rd2 R6xc7 24. Nxc7 Rxc7 25. Rf1 Kf7 26. c4 Ke7 27.
g3 Bg7 28. Kf2 Rc6 29. Re1 h6 30. Re3 g5 31. Ra3 Rc7 32. Rd6 Bf7 33. b3 Kf8 34.
Rda6 Rd7 35. Rxa7 Rd4 36. Ra8+ Be8 37. Rc8 Ke7 38. Ra7+ Bd7 39. Ke3 gxf4+ 40.
gxf4 h5 41. Rxc5 Re4+ 42. Kf3 Bh6 43. Rd5 1-0

[Event "IBM"]
[Site "Amsterdam"]
[Date "1977.??.??"]
[Round "7"]
[White "Adorjan, Andras"]
[Black "Donner, Jan Hein"]
[Result "1/2-1/2"]
[WhiteElo "2530"]
[BlackElo "2470"]
[PlyCount "32"]
[EventDate "1977.06.??"]
[EventType "tourn"]
[EventRounds "15"]
[EventCountry "NED"]
[EventCategory "11"]
[Source "ChessBase"]
[SourceDate "1999.07.01"]
[WhiteTeamCountry "CSR"]
[BlackTeamCountry "HUN"]

1. e4 e6 2. d4 d5 3. Nd2 c5 4. Ngf3 Nc6 5. exd5 exd5 6. Bb5 Bd6 7. dxc5 Bxc5 8.
Nb3 Bb6 9. Qe2+ Nge7 10. Be3 O-O 11. Bxb6 Qxb6 12. Bxc6 Nxc6 13. O-O Bg4 14. h3
Rfe8 15. Qd1 Bxf3 16. Qxf3 d4 1/2-1/2

[Event "IBM"]
[Site "Amsterdam"]
[Date "1977.??.??"]
[Round "9"]
[White "Adorjan, Andras"]
[Black "Hulak, Krunoslav"]
[Result "0-1"]
[WhiteElo "2530"]
[BlackElo "2525"]
[PlyCount "62"]
[EventDate "1977.06.??"]
[EventType "tourn"]
[EventRounds "15"]
[EventCountry "NED"]
[EventCategory "11"]
[Source "ChessBase"]
[SourceDate "1999.07.01"]
[WhiteTeamCountry "CSR"]
[BlackTeamCountry "HUN"]

1. e4 c5 2. Nf3 d6 3. d4 cxd4 4. Nxd4 Nf6 5. Nc3 a6 6. Bc4 e6 7. Bb3 b5 8. O-O
Be7 9. f4 O-O 10. e5 dxe5 11. fxe5 Nfd7 12. Qh5 Nc6 13. Nxc6 Qb6+ 14. Kh1 Qxc6
15. Rf3 Bb7 16. Bf4 Nc5 17. Rg3 b4 18. Bh6 g6 19. Bxf8 Bxf8 20. Nd1 Ne4 21. Rg4
Bg7 22. Qh4 Bxe5 23. Ne3 h5 24. Qxh5 Nf2+ 25. Kg1 Nxg4 26. Qxg4 Bxb2 27. Rd1
Qe4 28. Qxe4 Bxe4 29. Rd7 Rc8 30. Nc4 Bc6 31. Rxf7 Bd4+ 0-1

[Event "IBM"]
[Site "Amsterdam"]
[Date "1977.??.??"]
[Round "11"]
[White "Adorjan, Andras"]
[Black "Sosonko, Gennadi"]
[Result "1/2-1/2"]
[WhiteElo "2530"]
[BlackElo "2530"]
[PlyCount "37"]
[EventDate "1977.06.??"]
[EventType "tourn"]
[EventRounds "15"]
[EventCountry "NED"]
[EventCategory "11"]
[Source "ChessBase"]
[SourceDate "1999.07.01"]
[WhiteTeamCountry "CSR"]
[BlackTeamCountry "HUN"]

1. e4 c5 2. Nf3 d6 3. d4 cxd4 4. Nxd4 Nf6 5. Nc3 g6 6. Be2 Bg7 7. O-O Nc6 8.
Nb3 O-O 9. Bg5 Be6 10. Kh1 Na5 11. f4 a6 12. Qe1 Rc8 13. f5 Bc4 14. Nxa5 Qxa5
15. Nd5 Qd8 16. Bxf6 Bxf6 17. Bxc4 Rxc4 18. Qe2 b5 19. Nxf6+ 1/2-1/2

[Event "IBM"]
[Site "Amsterdam"]
[Date "1977.??.??"]
[Round "12"]
[White "Adorjan, Andras"]
[Black "Miles, Anthony"]
[Result "1/2-1/2"]
[WhiteElo "2530"]
[BlackElo "2555"]
[PlyCount "36"]
[EventDate "1977.06.??"]
[EventType "tourn"]
[EventRounds "15"]
[EventCountry "NED"]
[EventCategory "11"]
[Source "ChessBase"]
[SourceDate "1999.07.01"]
[WhiteTeamCountry "CSR"]
[BlackTeamCountry "HUN"]

1. e4 c6 2. Nc3 d5 3. d4 dxe4 4. Nxe4 Nd7 5. Nf3 Ngf6 6. Ng3 e6 7. Bd3 Be7 8.
O-O O-O 9. b3 b6 10. Bb2 Bb7 11. c4 Qc7 12. Re1 Rfe8 13. Ne5 Rad8 14. Nh5 Nxe5
15. Nxf6+ Bxf6 16. dxe5 Bg5 17. Qc2 g6 18. Rad1 c5 1/2-1/2

[Event "IBM"]
[Site "Amsterdam"]
[Date "1977.??.??"]
[Round "13"]
[White "Tatai, Stefano"]
[Black "Adorjan, Andras"]
[Result "1-0"]
[WhiteElo "2480"]
[BlackElo "2530"]
[PlyCount "41"]
[EventDate "1977.06.??"]
[EventType "tourn"]
[EventRounds "15"]
[EventCountry "NED"]
[EventCategory "11"]
[Source "ChessBase"]
[SourceDate "1999.07.01"]
[WhiteTeamCountry "CSR"]
[BlackTeamCountry "HUN"]

1. e4 e5 2. Nf3 Nc6 3. d4 exd4 4. Nxd4 Nf6 5. Nxc6 bxc6 6. e5 Qe7 7. Qe2 Nd5 8.
Nd2 Nb4 9. Nf3 Ba6 10. c4 d5 11. a3 Bxc4 12. Qd1 Bxf1 13. Kxf1 Na6 14. Qa4 Nb8
15. Bg5 Qe6 16. Rc1 h6 17. Bh4 Be7 18. Nd4 Qd7 19. e6 fxe6 20. Nxe6 g5 21. Re1
1-0

[Event "IBM"]
[Site "Amsterdam"]
[Date "1977.??.??"]
[Round "15"]
[White "Liberzon, Vladimir"]
[Black "Adorjan, Andras"]
[Result "0-1"]
[WhiteElo "2550"]
[BlackElo "2530"]
[PlyCount "90"]
[EventDate "1977.06.??"]
[EventType "tourn"]
[EventRounds "15"]
[EventCountry "NED"]
[EventCategory "11"]
[Source "ChessBase"]
[SourceDate "1999.07.01"]
[WhiteTeamCountry "CSR"]
[BlackTeamCountry "HUN"]

1. e4 d6 2. d4 Nf6 3. Nc3 g6 4. Nf3 Bg7 5. Be2 O-O 6. O-O Bg4 7. Be3 Nc6 8. Qd2
e5 9. d5 Ne7 10. Rad1 Bd7 11. Ne1 Ng4 12. Bxg4 Bxg4 13. f3 Bd7 14. f4 Bg4 15.
Rb1 c6 16. fxe5 dxe5 17. Bc5 b6 18. Ba3 c5 19. b4 cxb4 20. Bxb4 Bd7 21. Nf3 h6
22. Rfe1 Kh7 23. Ba3 Rc8 24. Nb5 Rc4 25. Qd3 Ra4 26. c4 f5 27. Nd2 a6 28. Nc7
b5 29. d6 Nc6 30. c5 Nd4 31. Rbc1 Qg5 32. Nf3 Nxf3+ 33. Qxf3 fxe4 34. Qe3 Qxe3+
35. Rxe3 h5 36. Rb3 Bh6 37. Re1 Bd2 38. Re2 e3 39. h3 b4 40. Bb2 Rxa2 41. Bxe5
Rc2 42. Bd4 Rf1+ 43. Kh2 h4 44. g3 Bc6 45. gxh4 Be1 0-1

[Event "Chigorin Memorial"]
[Site "Sochi"]
[Date "1977.??.??"]
[Round "12"]
[White "Adorjan, Andras"]
[Black "Krogius, Nikolay"]
[Result "1/2-1/2"]
[WhiteElo "2530"]
[BlackElo "2545"]
[PlyCount "56"]
[EventDate "1977.08.31"]
[EventType "tourn"]
[EventRounds "15"]
[EventCountry "URS"]
[EventCategory "10"]
[Source "ChessBase"]
[SourceDate "1998.11.10"]
[WhiteTeamCountry "CSR"]
[BlackTeamCountry "HUN"]

1. e4 e5 2. Nf3 Nc6 3. Bb5 a6 4. Ba4 Nf6 5. O-O Be7 6. Re1 b5 7. Bb3 d6 8. c3
O-O 9. h3 Nb8 10. d4 Nbd7 11. Nbd2 Bb7 12. Bc2 Re8 13. Nf1 g6 14. Ng3 Bf8 15.
a4 c5 16. d5 c4 17. Bg5 h6 18. Be3 Bg7 19. Qd2 Kh7 20. Nh2 Nc5 21. f3 Ng8 22.
f4 exf4 23. Bxf4 Nd7 24. axb5 axb5 25. Rxa8 Bxa8 26. Nf3 Ne5 27. Nxe5 Bxe5 28.
Ne2 Qd7 1/2-1/2

[Event "Sochi Chigorin Memorial"]
[Site "Sochi"]
[Date "1977.??.??"]
[Round "1"]
[White "Panchenko, Alexander"]
[Black "Adorjan, Andras"]
[Result "0-1"]
[WhiteElo "2435"]
[BlackElo "2530"]
[PlyCount "69"]
[EventDate "1977.08.31"]
[EventType "tourn"]
[EventRounds "15"]
[EventCountry "URS"]
[EventCategory "10"]
[Source "ChessBase"]
[SourceDate "1998.11.10"]
[WhiteTeamCountry "CSR"]
[BlackTeamCountry "HUN"]

1. e4 d6 2. d4 Nf6 3. Nc3 g6 4. f4 Bg7 5. Nf3 O-O 6. e5 dxe5 7. dxe5 Qxd1+ 8.
Kxd1 Nh5 9. Be3 Nc6 10. Bc4 Bg4 11. Rf1 Na5 12. Bd3 f6 13. exf6 Bxf6 14. h3 Be6
15. Nd2 Ng3 16. Re1 Bf5 17. Bf2 Bxd3 18. cxd3 Nh5 19. Be3 Rad8 20. g4 Bxc3 21.
bxc3 Nxf4 22. Bxf4 Rxf4 23. Kc2 Nc6 24. Rab1 b6 25. Re2 Rd5 26. d4 b5 27. a3
Kf7 28. Rbe1 a5 29. Re4 Rf2 30. R1e2 Rxe2 31. Rxe2 e5 32. dxe5 Nxe5 33. Ne4 Nc4
34. Kb3 Kg7 35. a4 0-1

[Event "Sochi Chigorin Memorial"]
[Site "Sochi"]
[Date "1977.??.??"]
[Round "4"]
[White "Adorjan, Andras"]
[Black "Suetin, Alexey"]
[Result "1/2-1/2"]
[WhiteElo "2530"]
[BlackElo "2525"]
[PlyCount "20"]
[EventDate "1977.08.31"]
[EventType "tourn"]
[EventRounds "15"]
[EventCountry "URS"]
[EventCategory "10"]
[Source "ChessBase"]
[SourceDate "1998.11.10"]
[WhiteTeamCountry "CSR"]
[BlackTeamCountry "HUN"]

1. e4 c5 2. Nf3 d6 3. Bb5+ Bd7 4. Bxd7+ Qxd7 5. O-O Nf6 6. e5 dxe5 7. Nxe5 Qc7
8. d4 e6 9. Nc3 cxd4 10. Qxd4 Nc6 1/2-1/2

[Event "Sochi Chigorin Memorial"]
[Site "Sochi"]
[Date "1977.??.??"]
[Round "5"]
[White "Ftacnik, Lubomir"]
[Black "Adorjan, Andras"]
[Result "0-1"]
[WhiteElo "2360"]
[BlackElo "2530"]
[PlyCount "52"]
[EventDate "1977.08.31"]
[EventType "tourn"]
[EventRounds "15"]
[EventCountry "URS"]
[EventCategory "10"]
[Source "ChessBase"]
[SourceDate "1998.11.10"]
[WhiteTeamCountry "CSR"]
[BlackTeamCountry "HUN"]

1. d4 Nf6 2. c4 g6 3. Nc3 d5 4. Nf3 Bg7 5. Bg5 Ne4 6. Bh4 c5 7. cxd5 Nxc3 8.
bxc3 Qxd5 9. e3 cxd4 10. cxd4 Nc6 11. Be2 O-O 12. O-O e5 13. dxe5 Qa5 14. Qb3
Nxe5 15. Nd4 Nc6 16. Rad1 Nxd4 17. exd4 Bd7 18. Be7 Rfe8 19. Qxb7 Ba4 20. Rb1
Bxd4 21. Bc4 Qf5 22. Bd6 Rad8 23. Qa6 Bd7 24. Rbd1 Bb6 25. h3 Bc6 26. Be2 Qe6
0-1

[Event "Sochi Chigorin Memorial"]
[Site "Sochi"]
[Date "1977.??.??"]
[Round "6"]
[White "Adorjan, Andras"]
[Black "Tal, Mihail"]
[Result "1/2-1/2"]
[WhiteElo "2530"]
[BlackElo "2620"]
[PlyCount "41"]
[EventDate "1977.08.31"]
[EventType "tourn"]
[EventRounds "15"]
[EventCountry "URS"]
[EventCategory "10"]
[Source "ChessBase"]
[SourceDate "1998.11.10"]
[WhiteTeamCountry "CSR"]
[BlackTeamCountry "HUN"]

1. e4 c5 2. Nf3 d6 3. d4 cxd4 4. Qxd4 Nc6 5. Bb5 Bd7 6. Bxc6 Bxc6 7. Nc3 Nf6 8.
Bg5 e6 9. O-O-O Be7 10. Rhe1 O-O 11. e5 dxe5 12. Qh4 Qc7 13. Nxe5 Rfd8 14. Ng4
Nxg4 15. Bxe7 Qf4+ 16. Kb1 Rxd1+ 17. Rxd1 Qf5 18. f3 Ne3 19. Rd2 h6 20. Qd4 Nd5
21. Nxd5 1/2-1/2

[Event "Sochi Chigorin Memorial"]
[Site "Sochi"]
[Date "1977.??.??"]
[Round "7"]
[White "Zhuravliov, Valerij"]
[Black "Adorjan, Andras"]
[Result "1-0"]
[WhiteElo "2370"]
[BlackElo "2530"]
[PlyCount "77"]
[EventDate "1977.08.31"]
[EventType "tourn"]
[EventRounds "15"]
[EventCountry "URS"]
[EventCategory "10"]
[Source "ChessBase"]
[SourceDate "1998.11.10"]
[WhiteTeamCountry "CSR"]
[BlackTeamCountry "HUN"]

1. e4 g6 2. d4 Bg7 3. Nc3 d6 4. f4 Nf6 5. Nf3 O-O 6. e5 dxe5 7. dxe5 Qxd1+ 8.
Kxd1 Nh5 9. Bc4 Nc6 10. Rf1 Bh6 11. Ne2 Rd8+ 12. Ke1 Nb4 13. Bb3 Be6 14. a3
Bxb3 15. axb4 Bc4 16. g3 Ng7 17. b3 Bd5 18. Nc3 Bxf3 19. Rxf3 f6 20. exf6 exf6
21. Bb2 Ne6 22. Ne4 f5 23. Nf6+ Kf7 24. Nxh7 Bg7 25. Bxg7 Kxg7 26. Ng5 Nxg5 27.
fxg5 a6 28. Rd1 Rxd1+ 29. Kxd1 Kf7 30. Kd2 Ke6 31. Re3+ Kd6 32. Rd3+ Ke6 33.
Rd4 c6 34. Rh4 Rd8+ 35. Ke3 b5 36. Rh7 Rd6 37. Ra7 Rd1 38. Rxa6 Re1+ 39. Kf2
1-0

[Event "Sochi Chigorin Memorial"]
[Site "Sochi"]
[Date "1977.??.??"]
[Round "8"]
[White "Adorjan, Andras"]
[Black "Suba, Mihai"]
[Result "1/2-1/2"]
[WhiteElo "2530"]
[BlackElo "2455"]
[PlyCount "33"]
[EventDate "1977.08.31"]
[EventType "tourn"]
[EventRounds "15"]
[EventCountry "URS"]
[EventCategory "10"]
[Source "ChessBase"]
[SourceDate "1998.11.10"]
[WhiteTeamCountry "CSR"]
[BlackTeamCountry "HUN"]

1. e4 c5 2. Nf3 e6 3. d4 cxd4 4. Nxd4 Nf6 5. Nc3 d6 6. f4 Nc6 7. Be3 Bd7 8. Be2
Be7 9. O-O O-O 10. Qe1 Nxd4 11. Bxd4 Bc6 12. Bd3 Qd7 13. Rd1 b5 14. Bxf6 Bxf6
15. e5 Bd8 16. Ne4 Qb7 17. Rd2 1/2-1/2

[Event "Sochi Chigorin Memorial"]
[Site "Sochi"]
[Date "1977.??.??"]
[Round "9"]
[White "Rashkovsky, Nukhim"]
[Black "Adorjan, Andras"]
[Result "1/2-1/2"]
[WhiteElo "2510"]
[BlackElo "2530"]
[PlyCount "37"]
[EventDate "1977.08.31"]
[EventType "tourn"]
[EventRounds "15"]
[EventCountry "URS"]
[EventCategory "10"]
[Source "ChessBase"]
[SourceDate "1998.11.10"]
[WhiteTeamCountry "CSR"]
[BlackTeamCountry "HUN"]

1. d4 Nf6 2. c4 g6 3. Nc3 Bg7 4. Nf3 d5 5. Bg5 Ne4 6. Bh4 c5 7. cxd5 Nxc3 8.
bxc3 Qxd5 9. e3 Nc6 10. Be2 cxd4 11. cxd4 O-O 12. O-O e5 13. dxe5 Qa5 14. Bf6
Bxf6 15. exf6 Qf5 16. Nd4 Qxf6 17. Nxc6 Qxc6 18. Bd3 Qd6 19. Qb3 1/2-1/2

[Event "Sochi Chigorin Memorial"]
[Site "Sochi"]
[Date "1977.??.??"]
[Round "11"]
[White "Spassov, Liuben"]
[Black "Adorjan, Andras"]
[Result "0-1"]
[WhiteElo "2480"]
[BlackElo "2530"]
[PlyCount "22"]
[EventDate "1977.08.31"]
[EventType "tourn"]
[EventRounds "15"]
[EventCountry "URS"]
[EventCategory "10"]
[Source "ChessBase"]
[SourceDate "1998.11.10"]
[WhiteTeamCountry "CSR"]
[BlackTeamCountry "HUN"]

1. d4 Nf6 2. c4 c5 3. d5 d6 4. Nf3 g6 5. g3 Bg7 6. Bg2 b5 7. cxb5 a6 8. bxa6
Qa5+ 9. Nc3 Ne4 10. Qc2 Nxc3 11. Bd2 Qa4 0-1

[Event "Sochi Chigorin Memorial"]
[Site "Sochi"]
[Date "1977.??.??"]
[Round "13"]
[White "Durao, Joaquim"]
[Black "Adorjan, Andras"]
[Result "1/2-1/2"]
[WhiteElo "2305"]
[BlackElo "2530"]
[PlyCount "31"]
[EventDate "1977.08.31"]
[EventType "tourn"]
[EventRounds "15"]
[EventCountry "URS"]
[EventCategory "10"]
[Source "ChessBase"]
[SourceDate "1998.11.10"]
[WhiteTeamCountry "CSR"]
[BlackTeamCountry "HUN"]

1. d4 Nf6 2. c4 c5 3. d5 d6 4. Nc3 g6 5. e4 Bg7 6. Nf3 O-O 7. Be2 e6 8. O-O Re8
9. Nd2 Na6 10. f4 exd5 11. cxd5 Nc7 12. a4 b6 13. Bf3 Ba6 14. Re1 Rb8 15. Nb3
Bc4 16. Be3 1/2-1/2

[Event "Sochi Chigorin Memorial"]
[Site "Sochi"]
[Date "1977.??.??"]
[Round "14"]
[White "Klaric, Zlatko"]
[Black "Adorjan, Andras"]
[Result "1/2-1/2"]
[WhiteElo "2405"]
[BlackElo "2530"]
[PlyCount "23"]
[EventDate "1977.08.31"]
[EventType "tourn"]
[EventRounds "15"]
[EventCountry "URS"]
[EventCategory "10"]
[Source "ChessBase"]
[SourceDate "1998.11.10"]
[WhiteTeamCountry "CSR"]
[BlackTeamCountry "HUN"]

1. d4 g6 2. Nf3 Bg7 3. g3 c5 4. c3 Qa5 5. Nbd2 cxd4 6. Nb3 Qd8 7. cxd4 Nf6 8.
Bg2 O-O 9. O-O d6 10. Re1 Nc6 11. e4 e5 12. h3 1/2-1/2

[Event "Sochi Chigorin Memorial"]
[Site "Sochi"]
[Date "1977.??.??"]
[Round "15"]
[White "Adorjan, Andras"]
[Black "Karner, Hillar"]
[Result "1-0"]
[WhiteElo "2530"]
[BlackElo "2380"]
[PlyCount "73"]
[EventDate "1977.08.31"]
[EventType "tourn"]
[EventRounds "15"]
[EventCountry "URS"]
[EventCategory "10"]
[Source "ChessBase"]
[SourceDate "1998.11.10"]
[WhiteTeamCountry "CSR"]
[BlackTeamCountry "HUN"]

1. e4 e5 2. Nf3 Nc6 3. Bb5 d6 4. Bxc6+ bxc6 5. d4 exd4 6. Qxd4 Bg4 7. Nc3 Ne7
8. Be3 c5 9. Qd3 Nc6 10. O-O-O Rb8 11. e5 Bxf3 12. exd6 Bxd6 13. gxf3 O-O 14.
Ne4 Qe7 15. Rhg1 c4 16. Qxc4 Ne5 17. Bd4 Rfd8 18. Qc3 f6 19. f4 Ng6 20. Nxd6
Rxd6 21. Bxa7 Rbd8 22. Qc4+ Kh8 23. Bc5 Rxd1+ 24. Rxd1 Rxd1+ 25. Kxd1 Qd7+ 26.
Qd3 Qg4+ 27. f3 Qc8 28. Qe4 f5 29. Qd4 h5 30. b3 Qa8 31. Qe3 Qxa2 32. Bd4 Qa6
33. Kc1 Qf1+ 34. Kb2 Qg2 35. Qe6 Kh7 36. Qxf5 Qxh2 37. Qf7 1-0

[Event "HUN-ch"]
[Site "Budapest"]
[Date "1977.??.??"]
[Round "?"]
[White "Adorjan, Andras"]
[Black "Eperjesi, Laszlo"]
[Result "1/2-1/2"]
[WhiteElo "2530"]
[BlackElo "2400"]
[PlyCount "32"]
[EventDate "1977.11.??"]
[EventType "tourn"]
[EventRounds "17"]
[EventCountry "HUN"]
[EventCategory "8"]
[Source "ChessBase"]
[SourceDate "1999.07.01"]
[WhiteTeamCountry "CSR"]
[BlackTeamCountry "HUN"]

1. e4 c6 2. d3 d5 3. Nd2 g6 4. Ngf3 Bg7 5. Be2 Nf6 6. O-O O-O 7. Re1 c5 8. c3
Nc6 9. Bf1 Qc7 10. a3 Rd8 11. Qc2 b6 12. b3 e5 13. Bb2 a5 14. Rad1 Ba6 15. g3
h6 16. Qb1 d4 1/2-1/2

[Event "HUN-ch"]
[Site "Budapest"]
[Date "1977.??.??"]
[Round "?"]
[White "Adorjan, Andras"]
[Black "Farago, Ivan"]
[Result "1/2-1/2"]
[WhiteElo "2530"]
[BlackElo "2500"]
[PlyCount "38"]
[EventDate "1977.11.??"]
[EventType "tourn"]
[EventRounds "17"]
[EventCountry "HUN"]
[EventCategory "8"]
[Source "ChessBase"]
[SourceDate "1999.07.01"]
[WhiteTeamCountry "CSR"]
[BlackTeamCountry "HUN"]

1. e4 e6 2. d4 d5 3. Nd2 Nf6 4. e5 Nfd7 5. c3 c5 6. Bd3 Nc6 7. Ne2 cxd4 8. cxd4
f6 9. exf6 Nxf6 10. Nf3 Qb6 11. O-O Bd6 12. Nc3 O-O 13. Be3 Bd7 14. Nb5 Nb4 15.
Nxd6 Nxd3 16. Qxd3 Qxd6 17. Ne5 Qb4 18. Rfc1 Rac8 19. Qb3 Qxb3 1/2-1/2

[Event "HUN-ch"]
[Site "Budapest"]
[Date "1977.??.??"]
[Round "?"]
[White "Adorjan, Andras"]
[Black "Hazai, Laszlo"]
[Result "1/2-1/2"]
[WhiteElo "2530"]
[BlackElo "2440"]
[PlyCount "22"]
[EventDate "1977.11.??"]
[EventType "tourn"]
[EventRounds "17"]
[EventCountry "HUN"]
[EventCategory "8"]
[Source "ChessBase"]
[SourceDate "1999.07.01"]
[WhiteTeamCountry "CSR"]
[BlackTeamCountry "HUN"]

1. e4 d6 2. d4 Nf6 3. Nc3 g6 4. Nf3 Bg7 5. Be2 O-O 6. O-O c6 7. Re1 Nbd7 8. Bf4
Nh5 9. Be3 e5 10. a4 Nf4 11. Bf1 Ne6 1/2-1/2

[Event "HUN-ch"]
[Site "Budapest"]
[Date "1977.??.??"]
[Round "?"]
[White "Adorjan, Andras"]
[Black "Lengyel, Levente"]
[Result "1/2-1/2"]
[WhiteElo "2530"]
[BlackElo "2415"]
[PlyCount "69"]
[EventDate "1977.11.??"]
[EventType "tourn"]
[EventRounds "17"]
[EventCountry "HUN"]
[EventCategory "8"]
[Source "ChessBase"]
[SourceDate "1999.07.01"]
[WhiteTeamCountry "CSR"]
[BlackTeamCountry "HUN"]

1. e4 e5 2. Nf3 Nc6 3. Bb5 a6 4. Ba4 Nf6 5. O-O Be7 6. Re1 b5 7. Bb3 d6 8. c3
O-O 9. d4 Bg4 10. d5 Na5 11. Bc2 c6 12. h3 Bd7 13. Nxe5 dxe5 14. d6 Be6 15.
dxe7 Qxe7 16. Qf3 Rfd8 17. Qg3 Nd7 18. Nd2 f6 19. Nf3 Qf7 20. Nh4 Kh8 21. b3
Nb7 22. Rd1 a5 23. Nf5 a4 24. bxa4 bxa4 25. f4 exf4 26. Bxf4 Nf8 27. Rxd8 Nxd8
28. e5 Bxf5 29. Bxf5 Nde6 30. exf6 Qxf6 31. Bxe6 Qxe6 32. Be5 Ng6 33. Bd4 Rc8
34. Qg5 c5 35. Bf2 1/2-1/2

[Event "HUN-ch"]
[Site "Budapest"]
[Date "1977.??.??"]
[Round "?"]
[White "Adorjan, Andras"]
[Black "Lukacs, Peter"]
[Result "1-0"]
[WhiteElo "2530"]
[BlackElo "2450"]
[PlyCount "75"]
[EventDate "1977.11.??"]
[EventType "tourn"]
[EventRounds "17"]
[EventCountry "HUN"]
[EventCategory "8"]
[Source "ChessBase"]
[SourceDate "1999.07.01"]
[WhiteTeamCountry "CSR"]
[BlackTeamCountry "HUN"]

1. e4 e5 2. Nf3 Nc6 3. Bb5 a6 4. Ba4 Nf6 5. O-O Be7 6. Re1 b5 7. Bb3 O-O 8. d4
d6 9. c3 Bg4 10. d5 Na5 11. Bc2 c6 12. h3 Bxf3 13. Qxf3 cxd5 14. exd5 Rc8 15.
Nd2 Qc7 16. Nf1 Ne8 17. Ng3 g6 18. Nf5 Bf6 19. h4 Qd8 20. Nh6+ Kh8 21. g3 Ng7
22. Re4 Nb7 23. a4 Nc5 24. axb5 Nxe4 25. Bxe4 a5 26. b4 axb4 27. Ra7 Rxc3 28.
Be3 Nh5 29. Nxf7+ Rxf7 30. Rxf7 b3 31. Rxh7+ Kxh7 32. Qxh5+ Kg8 33. Qxg6+ Bg7
34. Bg5 Qb8 35. Bf5 Rc7 36. Be6+ Kf8 37. Qf5+ Ke8 38. Qh7 1-0

[Event "HUN-ch"]
[Site "Budapest"]
[Date "1977.??.??"]
[Round "?"]
[White "Adorjan, Andras"]
[Black "Orso, Miklos"]
[Result "1/2-1/2"]
[WhiteElo "2530"]
[BlackElo "2200"]
[PlyCount "100"]
[EventDate "1977.11.??"]
[EventType "tourn"]
[EventRounds "17"]
[EventCountry "HUN"]
[EventCategory "8"]
[Source "ChessBase"]
[SourceDate "1999.07.01"]
[WhiteTeamCountry "CSR"]
[BlackTeamCountry "HUN"]

1. e4 c6 2. d4 d5 3. Nd2 dxe4 4. Nxe4 Bf5 5. Ng3 Bg6 6. h4 h6 7. Nf3 Nd7 8. h5
Bh7 9. Bd3 Bxd3 10. Qxd3 Qc7 11. Bd2 Ngf6 12. O-O-O O-O-O 13. Ne4 e6 14. g3
Nxe4 15. Qxe4 c5 16. Bf4 Bd6 17. Bxd6 Qxd6 18. Ne5 Nxe5 19. dxe5 Qa6 20. a3
Rxd1+ 21. Rxd1 Rd8 22. Rxd8+ Kxd8 23. c4 Qa5 24. f4 Kc8 25. Qe3 Qc7 26. Kb1 Qc6
27. Ka2 b6 28. Qd3 Qh1 29. Qh7 Qxh5 30. Qxg7 Qg6 31. Qf8+ Kb7 32. g4 h5 33. f5
exf5 34. Qe7+ Ka6 35. b4 cxb4 36. axb4 b5 37. Qd6+ Kb7 38. Qd7+ Kb8 39. Qxb5+
Kc8 40. Qe8+ Kc7 41. Qe7+ Kc8 42. Qe8+ Kc7 43. Qe7+ Kc8 44. g5 f4 45. Qe8+ Kc7
46. Qe7+ Kc8 47. Qc5+ Kb7 48. Qd5+ Kb8 49. Ka3 Qxg5 50. Qd6+ Kc8 1/2-1/2

[Event "HUN-ch"]
[Site "Budapest"]
[Date "1977.??.??"]
[Round "?"]
[White "Adorjan, Andras"]
[Black "Perenyi, Bela"]
[Result "1-0"]
[WhiteElo "2530"]
[BlackElo "2270"]
[PlyCount "81"]
[EventDate "1977.11.??"]
[EventType "tourn"]
[EventRounds "17"]
[EventCountry "HUN"]
[EventCategory "8"]
[Source "ChessBase"]
[SourceDate "1999.07.01"]
[WhiteTeamCountry "CSR"]
[BlackTeamCountry "HUN"]

1. e4 e5 2. Nf3 Nc6 3. Bb5 a6 4. Ba4 Nf6 5. O-O Be7 6. Re1 b5 7. Bb3 O-O 8. a4
Bb7 9. d3 b4 10. Bg5 h6 11. Bxf6 Bxf6 12. Bd5 Rb8 13. Nbd2 Ne7 14. Bxb7 Rxb7
15. d4 d6 16. dxe5 Bxe5 17. Nxe5 dxe5 18. Qe2 Ng6 19. g3 Qg5 20. Nc4 f5 21.
exf5 Rxf5 22. Qe4 Rb8 23. h4 Qf6 24. Ne3 Rf3 25. Ng4 Qf5 26. h5 Ne7 27. Qxf5
Rxf5 28. Rxe5 Rxe5 29. Nxe5 Rd8 30. Re1 c5 31. Re4 Nf5 32. g4 Rd4 33. Rxd4 Nxd4
34. Nd3 b3 35. c4 Nf3+ 36. Kg2 Nd2 37. Nxc5 Nxc4 38. Nxa6 Kf7 39. Nc5 Na5 40.
Kf3 Ke7 41. Ke4 1-0